| 000 | 00842nam a2200229 i 4500 | ||
|---|---|---|---|
| 001 | 20482 | ||
| 003 | ES-MaACL | ||
| 005 | 20250927102847.0 | ||
| 007 | t| | ||
| 008 | 021113q1913 fr ||||1| fre d | ||
| 080 | _a276(Agustin) | ||
| 100 | 0 |
_aAgustín _cSanto, Obispo de Hipona. _9125563 |
|
| 245 | 1 | 4 |
_aLes confessions de Saint Augustin / _ctraduction française d'Arnauld d'Andilly ; revue et adaptés pour le première fois au texte latin par M. Charpentier. |
| 260 |
_aParis : _bGrarnier Freres, _c[1913?] |
||
| 300 |
_aXXXVI, 602 p. ; _c10 cm. |
||
| 490 | 1 | _aBibliothèque Latine-Française | |
| 700 | 1 |
_aArnaud d'Andilly, Robert ( _d1588-1674) _9125710 |
|
| 700 | 1 |
_aCharpentier, Jean-Pierre, _d1797-1878 _938109 |
|
| 830 | 0 |
_aBibliothèque Latine-Française _9188147 |
|
| 852 |
_aES-MaACL _jG-626 |
||
| 999 |
_c20482 _d20482 |
||